[Event "Zichichi Memorial"]
[Site "Ladispoli"]
[Date "2008.05.??"]
[Round "3"]
[White "Elia, Alessio"]
[Black "Leonardo, Corrado"]
[Result "1-0"]
[WhiteElo "1860"]
[BlackElo "1404"]
[PlyCount "59"]
[EventDate "2008.05.01"]
[EventType "swiss"]
[EventRounds "7"]
[EventCountry "ITA"]
[SourceTitle "EXT 2009"]
[Source "ChessBase"]
[SourceDate "2008.11.26"]
[SourceVersion "1"]
[SourceVersionDate "2008.11.26"]
[SourceQuality "1"]

1. d4 d5 2. Nf3 Nf6 3. Bg5 g6 4. Bxf6 exf6 5. e3 Bg7 6. Bd3 0-0 7. 0-0 Bg4 8. Nbd2 Nc6 9. c3 a6 10. Qb3 b5 11. e4 Ne7 12. a4 c6 13. Ra3 Qa5 14. axb5 Qb6 15. bxa6 Rxa6 16. Rxa6 Qxb3 17. Nxb3 Bxf3 18. gxf3 Rb8 19. Bc2 f5 20. Re1 dxe4 21. fxe4 f4 22. Rb1 Rb5 23. Nc5 Rb8 24. Ra7 Bf8 25. Rb7 Ra8 26. Nd7 Ra5 27. Rb8 Rg5+ 28. Kf1 f3 29. Nxf8 Rg2 30. Ne6+ 1-0

[Event "Zichichi Memorial"]
[Site "Ladispoli"]
[Date "2008.05.??"]
[Round "4"]
[White "Leonardo, Corrado"]
[Black "Masciolini, Giovanni"]
[Result "1-0"]
[WhiteElo "1404"]
[BlackElo "1685"]
[PlyCount "65"]
[EventDate "2008.05.01"]
[EventType "swiss"]
[EventRounds "7"]
[EventCountry "ITA"]
[SourceTitle "EXT 2009"]
[Source "ChessBase"]
[SourceDate "2008.11.26"]
[SourceVersion "1"]
[SourceVersionDate "2008.11.26"]
[SourceQuality "1"]

1. d4 d6 2. c4 e5 3. e3 exd4 4. exd4 Nf6 5. Nf3 Be7 6. Bd3 Bg4 7. Nbd2 0-0 8. 0-0 Nc6 9. Qc2 Nb4 10. Qb3 Nxd3 11. Qxd3 Qd7 12. h3 Bf5 13. Qc3 b6 14. Nb3 d5 15. c5 Ne4 16. Qe3 bxc5 17. Nxc5 Nxc5 18. dxc5 Bf6 19. Qa3 c6 20. Bg5 Bxg5 21. Nxg5 Rfe8 22. Nf3 Rab8 23. Rfe1 h6 24. Ne5 Qc7 25. Nf3 Be4 26. Nd4 Qd7 27. b3 Kh7 28. f3 g5 29. fxe4 dxe4 30. Nc2 g4 31. Rad1 Qf5 32. Rf1 Qg6 33. Qxa7 1-0

[Event "Zichichi Memorial"]
[Site "Ladispoli"]
[Date "2008.05.??"]
[Round "2"]
[White "Leonardo, Corrado"]
[Black "Trebeschi, Andrea"]
[Result "0-1"]
[WhiteElo "1404"]
[BlackElo "2063"]
[PlyCount "72"]
[EventDate "2008.05.01"]
[EventType "swiss"]
[EventRounds "7"]
[EventCountry "ITA"]
[SourceTitle "EXT 2009"]
[Source "ChessBase"]
[SourceDate "2008.11.26"]
[SourceVersion "1"]
[SourceVersionDate "2008.11.26"]
[SourceQuality "1"]

1. d4 d6 2. c4 Nf6 3. Nf3 g6 4. Bg5 Bg7 5. e3 0-0 6. Bd3 Nbd7 7. 0-0 b6 8. Re1 Bb7 9. Nbd2 Qe8 10. Qc2 e5 11. e4 h6 12. Bh4 Nh5 13. h3 exd4 14. Nh2 Ne5 15. Be2 Nf4 16. Bf3 c5 17. Bg3 Ne6 18. Qb3 Qd7 19. Bg4 h5 20. Bf3 Bh6 21. Nb1 Ng5 22. Bf4 Ngxf3+ 23. Nxf3 Bxf4 24. Nh4 Bg5 25. Nf3 Nxf3+ 26. Qxf3 Rae8 27. Qg3 Qe7 28. f3 Bh4 29. Qf4 Bxe1 30. Na3 Qh4 31. Qxh4 Bxh4 32. Nb5 Re6 33. Nxa7 Bg3 34. Rd1 Rfe8 35. Nb5 d5 36. Nc7 Bxc7 0-1